Statistics for Soccer Team Logo's

Click here to take the quiz!

General Stats

  • This quiz has been taken 627 times
    (625 since last reset)
  • The average score is 73 of 112

Answer Stats

Answer% Correct
Arsenal
99%
Ac Milan
98%
Barcelona
98%
Bayern Munich
98%
AS Roma
97%
Aston Villa
96%
Ajax
95%
Chelsea
95%
Juventus
95%
Borussia Dortmund
94%
Liverpool
94%
Manchester City
94%
Manchester United
94%
Real Madrid
94%
Inter Milan
91%
Newcastle United
90%
PSG
89%
Nottingham Forest
88%
Tottenham
87%
West Ham
87%
Atletico Madrid
85%
Fulham
85%
Sevilla
85%
Brighton
84%
Napoli
84%
Everton
83%
Celtic
82%
Leicester City
82%
Wolves
82%
Benfica
80%
Valencia
79%
FC Porto
78%
Marseille
78%
Sporting
78%
Lazio
77%
Leeds United
77%
Lyon
77%
Crystal Palace
76%
Red Bull Leipzig
75%
Wolfsburg
75%
Bayer Leverkussen
73%
LA Galaxy
73%
Lille
73%
Santos
73%
Olympiacos
72%
Eintracht Frankfurt
71%
Norwich City
71%
Villareal
71%
Southampton
70%
FC Koln
68%
Real Sociedad
68%
Schalke 04
67%
Atalanta
66%
Bournemouth
64%
Brentford
64%
Burnley
64%
Feyenoord
64%
Fiorentina
64%
Hull City
64%
Torino
64%
Watford
64%
Young Boys
63%
Sheffield United
62%
Union Berlin
62%
Borussia Monchengladbach
61%
Hamburger SV
61%
Real Betis
61%
Birmingham City
60%
Rangers
60%
Stoke City
58%
Stuttgart
58%
Swansea
58%
AS Monaco
57%
Celta De Vigo
57%
Club Brugge
57%
Dynamo Kyiv
56%
River Plate
56%
Werder Bremen
56%
West Brom
56%
FC Basel
54%
Fenerbahce
54%
Lens
54%
Getafe
53%
FC Nantes
52%
KRC Genk
52%
Red Star
52%
Parma
50%
Rayo Vallecano
49%
Anderlecht
48%
Freiburg
47%
Udinese
47%
FC Augsburg
44%
Braga
43%
Montpellier
43%
Cardiff City
41%
CSKA Moscow
41%
Sampdoria
40%
Club America
39%
Granada
39%
Kaizer Chiefs
39%
Spartak Moscow
39%
Portland Timbers
38%
Hellas Verona
37%
Molde FK
36%
Cagliari
35%
FC Nurnberg
35%
Stade Rennais
35%
Trabzonspor
30%
Dinamo Minsk
25%
Elche
21%
Sturm Graz
21%
Cercle Brugge
18%

Score Distribution

Percentile by Number Answered

Percent of People with Each Score

Your Score History

You have not taken this quiz since the last reset